[Event "17. OIBM Bad Wiessee"]
[Site "Bad Wiessee"]
[Date "2013.10.26"]
[Round "2.20"]
[White "Pap, Misa"]
[Black "Hornung, Hans"]
[Result "1-0"]
[WhiteElo "2484"]
[BlackElo "2110"]
[PlyCount "67"]
[EventDate "2013.??.??"]
[WhiteTeam "Sfr. Korbach"]
[BlackTeam "SK Klosterlechfeld"]

1. e4 e6 2. d4 d5 3. Nd2 c5 4. Ngf3 Nf6 5. e5 Nfd7 6. c3 Nc6 7. Bd3 Qb6 8. O-O
g6 9. a4 Bg7 10. a5 Qc7 11. Re1 O-O 12. Nf1 Nxa5 13. Bf4 Nc4 14. Ra2 b6 15. h4
Bb7 16. N1h2 Rae8 17. g3 a6 18. h5 Qd8 19. Ng4 f6 20. hxg6 hxg6 21. Bxg6 Re7
22. b3 fxe5 23. dxe5 Rxf4 24. gxf4 Qf8 25. bxc4 Qxf4 26. Nfh2 Nxe5 27. Nxe5
Bxe5 28. Qh5 Bxc3 29. Re3 Bd4 30. Rf3 Qc1+ 31. Nf1 Rg7 32. Re2 Qxc4 33. Rxe6
Qb5 34. Qf5 1-0

[Event "17. OIBM Bad Wiessee"]
[Site "Bad Wiessee"]
[Date "2013.10.26"]
[Round "2.21"]
[White "Behling, Robert"]
[Black "Poetsch, Hagen"]
[Result "1/2-1/2"]
[WhiteElo "2124"]
[BlackElo "2472"]
[PlyCount "128"]
[EventDate "2013.??.??"]
[WhiteTeam "SK Caissa Augsburg"]
[BlackTeam "Sfr. Schöneck"]

1. c4 b6 2. Nf3 Bb7 3. g3 Bxf3 4. exf3 c5 5. Bg2 Nc6 6. f4 g6 7. Nc3 Bg7 8. O-O
e6 9. Nb5 Qb8 10. d4 cxd4 11. Bxc6 dxc6 12. Nxd4 Qb7 13. Nf3 Ne7 14. Qe2 O-O
15. Rb1 b5 16. Be3 Rfd8 17. b3 bxc4 18. Qxc4 Nf5 19. Rfd1 c5 20. Qe2 Qe4 21.
Ng5 Qb4 22. Rxd8+ Rxd8 23. Rd1 Bd4 24. Nf3 Nxe3 25. fxe3 Bxe3+ 26. Kg2 Rxd1 27.
Qxd1 Qc3 28. Qd8+ Kg7 29. Qc7 Qc2+ 30. Kh3 Qf5+ 31. Kg2 h6 32. Qe5+ Qxe5 33.
Nxe5 f6 34. Nc6 a6 35. Kf3 Bd4 36. Nd8 e5 37. fxe5 fxe5 38. Ke4 Kf6 39. Nc6 Ke6
40. Nb8 Kd6 41. Nxa6 Kc6 42. a4 Bg1 43. b4 c4 44. b5+ Kb6 45. Nb4 Ka5 46. Nc6+
Kxa4 47. Nxe5 c3 48. Kd3 Kb3 49. Nc4 Bxh2 50. g4 Bf4 51. Na5+ Kb4 52. Nc6+ Kxb5
53. Ne7 Bd6 54. Nxg6 Kb4 55. Kc2 Kc4 56. Nh4 Bf4 57. Ng6 Bg5 58. Ne5+ Kd4 59.
Nc6+ Ke4 60. Kxc3 Kf4 61. Kd3 Kxg4 62. Ne5+ Kg3 63. Nf7 Bf4 64. Nxh6 Bxh6
1/2-1/2

[Event "17. OIBM Bad Wiessee"]
[Site "Bad Wiessee"]
[Date "2013.10.26"]
[Round "2.22"]
[White "Carlstedt, Jonathan"]
[Black "Frey, Alisa"]
[Result "1-0"]
[WhiteElo "2421"]
[BlackElo "2106"]
[PlyCount "107"]
[EventDate "2013.??.??"]
[WhiteTeam "SV Diag.Harburg 1926 eV"]
[BlackTeam "SC Eppingen"]

1. d4 Nf6 2. c4 g6 3. Nc3 d5 4. Nf3 Bg7 5. h4 h6 6. h5 Nxh5 7. cxd5 c6 8. dxc6
Nxc6 9. d5 Ne5 10. Nxe5 Bxe5 11. e4 Qb6 12. Be2 Nf4 13. Bb5+ Kf8 14. Qf3 g5 15.
O-O Rg8 16. Be3 Qg6 17. Rad1 g4 18. Qxf4 Bxf4 19. Bxf4 a6 20. Bd3 h5 21. e5 Bf5
22. Bxf5 Qxf5 23. Bh6+ Ke8 24. d6 Rd8 25. Nd5 Qxe5 26. Nxe7 Rxd6 27. Nxg8 Rxd1
28. Rxd1 h4 29. Bd2 Qxb2 30. Bg5 f5 31. Nh6 Kf8 32. Bxh4 Qc2 33. Rd6 Qc1+ 34.
Kh2 Qf4+ 35. Bg3 Qg5 36. Be5 Qh5+ 37. Kg3 Ke7 38. Bf4 a5 39. Rb6 Kd7 40. Rxb7+
Kc6 41. Rf7 Kb6 42. Rf6+ Kb7 43. Rxf5 Qg6 44. Rxa5 Qd3+ 45. Kxg4 Qe2+ 46. Kg3
Qd3+ 47. f3 Qg6+ 48. Rg5 Qa6 49. Rg7+ Kc8 50. Rc7+ Kd8 51. Nf7+ Ke8 52. Nd6+
Kd8 53. Rg7 Qxa2 54. Bg5# 1-0

[Event "17. OIBM Bad Wiessee"]
[Site "Bad Wiessee"]
[Date "2013.10.26"]
[Round "2.23"]
[White "Meins, Gerlef"]
[Black "Wiest, Leonhard"]
[Result "1-0"]
[WhiteElo "2448"]
[BlackElo "2105"]
[PlyCount "43"]
[EventDate "2013.??.??"]
[WhiteTeam "SAbt SV Werder Bremen"]
[BlackTeam "SF Dachau 1932 e.V."]

1. Nf3 e6 2. d4 f5 3. g3 b6 4. Bg2 Bb7 5. c4 Nf6 6. O-O Be7 7. d5 exd5 8. Nd4
g6 9. cxd5 Bxd5 10. Bxd5 Nxd5 11. Nxf5 Nf6 12. Nxe7 Qxe7 13. Nc3 Nc6 14. Bg5
Qe6 15. e4 O-O 16. Nd5 Nxe4 17. Bh6 Rxf2 18. Rxf2 Nxf2 19. Kxf2 Qh3 20. Nf6+
Kh8 21. Ng4 d6 22. Qf3 1-0

[Event "17. OIBM Bad Wiessee"]
[Site "Bad Wiessee"]
[Date "2013.10.26"]
[Round "2.24"]
[White "Weichelt, Jens"]
[Black "Gutman, Lev"]
[Result "0-1"]
[WhiteElo "2122"]
[BlackElo "2441"]
[PlyCount "124"]
[EventDate "2013.??.??"]
[WhiteTeam "SK Rochade Augsburg"]
[BlackTeam "SV Lingen"]

1. d4 Nf6 2. c4 g6 3. Nc3 Bg7 4. e4 O-O 5. Be3 c6 6. f3 d5 7. e5 Nfd7 8. cxd5
Nb6 9. dxc6 Nxc6 10. f4 Nb4 11. Nf3 Bf5 12. Rc1 Rc8 13. a3 N4d5 14. Nxd5 Qxd5
15. Rc5 Qa2 16. Bd3 Bxd3 17. Qxd3 Qa1+ 18. Qd1 Qxb2 19. O-O Qxa3 20. Qc1 Qxc1
21. Rfxc1 Rxc5 22. dxc5 Nd5 23. Bd2 f6 24. Rb1 fxe5 25. fxe5 Rb8 26. Ra1 Ra8
27. Be1 e6 28. Bg3 Bf8 29. Bf2 h6 30. Nd4 Bxc5 31. Nxe6 Bxf2+ 32. Kxf2 Kf7 33.
Nc5 b6 34. Nd3 a5 35. Kf3 Rc8 36. Ke4 Ke6 37. Kd4 Rd8 38. Ke4 g5 39. Rc1 a4 40.
Rc6+ Ke7 41. Rc4 a3 42. Nc1 Nf4 43. Ra4 Ke6 44. Rxa3 Rd1 45. Rc3 Re1+ 46. Kf3
Kxe5 47. g3 Rf1+ 48. Kg4 Nd5 49. Rc6 Nf6+ 50. Kh3 g4+ 51. Kg2 Rd1 52. Ne2 Rd6
53. Rc4 Rd2 54. Kf1 Rb2 55. Nf4 Kf5 56. h3 gxh3 57. Nxh3 b5 58. Rf4+ Ke5 59.
Nf2 Rb3 60. Ke2 Nh5 61. Nd3+ Rxd3 62. Kxd3 Nxf4+ 0-1

[Event "17. OIBM Bad Wiessee"]
[Site "Bad Wiessee"]
[Date "2013.10.26"]
[Round "2.25"]
[White "Pezerovic, Edin"]
[Black "Bäuml, Ulrich"]
[Result "1-0"]
[WhiteElo "2439"]
[BlackElo "2103"]
[PlyCount "47"]
[EventDate "2013.??.??"]
[WhiteTeam "Münchener SC 1836 e.V."]
[BlackTeam "SC Dillingen"]

1. d4 e6 2. Nf3 Nf6 3. Bf4 b6 4. e3 Bb7 5. Bd3 Be7 6. Nbd2 O-O 7. c3 c5 8. Qe2
d6 9. h3 Nbd7 10. O-O Qc7 11. Bh2 Rfe8 12. e4 cxd4 13. cxd4 Rac8 14. Rfd1 Qb8
15. Bb5 Red8 16. e5 dxe5 17. dxe5 Nd5 18. Ne4 Nc5 19. Nd6 Rc7 20. Nd4 a6 21.
Bd3 Nxd3 22. Qxd3 Nb4 23. Qb3 a5 24. Nxe6 1-0

[Event "17. OIBM Bad Wiessee"]
[Site "Bad Wiessee"]
[Date "2013.10.26"]
[Round "2.27"]
[White "Wille, Thomas"]
[Black "Hunt, Adam"]
[Result "0-1"]
[WhiteElo "2116"]
[BlackElo "2429"]
[PlyCount "66"]
[EventDate "2013.??.??"]
[WhiteTeam "Krefelder SK Turm 1851 e"]
[BlackTeam "Woodbridge School"]

1. e4 c5 2. Nc3 e6 3. d3 Nc6 4. g3 g6 5. Bg2 Bg7 6. Be3 d6 7. Qd2 Rb8 8. f4
Nge7 9. Nf3 Nd4 10. Nd1 O-O 11. O-O b6 12. c3 Nxf3+ 13. Bxf3 Ba6 14. Re1 d5 15.
e5 d4 16. cxd4 cxd4 17. Bf2 Qd7 18. Qb4 Rfd8 19. g4 g5 20. Be4 Rbc8 21. Qd2
gxf4 22. Bh4 Rf8 23. Bxe7 Qxe7 24. Qxf4 Qh4 25. Re2 Rc5 26. Nf2 Bh6 27. Qf3 Kh8
28. Kg2 Rxe5 29. Rae1 f5 30. gxf5 exf5 31. Bd5 Re3 32. Rxe3 dxe3 33. Rxe3 Qg5+
0-1

[Event "17. OIBM Bad Wiessee"]
[Site "Bad Wiessee"]
[Date "2013.10.26"]
[Round "2.28"]
[White "Weber, Ulrich"]
[Black "Becker, Andreas"]
[Result "1-0"]
[WhiteElo "2423"]
[BlackElo "2091"]
[PlyCount "73"]
[EventDate "2013.??.??"]
[WhiteTeam "SV 1920 Hofheim"]
[BlackTeam "SK Freiburg Zähringen 1887 e.V."]

1. c4 e5 2. g3 Nf6 3. Bg2 Bc5 4. Nc3 O-O 5. a3 a6 6. e3 Re8 7. Nge2 Nc6 8. O-O
Bf8 9. b4 d6 10. d3 g6 11. h3 Bg7 12. Rb1 Rb8 13. Bd2 Be6 14. Qc2 d5 15. cxd5
Nxd5 16. Na4 Nce7 17. Rfd1 c6 18. Nc5 Nc7 19. Bc3 Qc8 20. Kh2 Ned5 21. Bb2 f5
22. e4 Nb6 23. d4 Bf7 24. exf5 Qxf5 25. Qxf5 gxf5 26. dxe5 Bxe5 27. Bxe5 Rxe5
28. Nd4 Ncd5 29. Rbc1 Nf6 30. Nd3 Ree8 31. Nxf5 Bg6 32. Nd6 Re2 33. Kg1 Rd8 34.
Nf4 Ra2 35. Nxb7 Rxd1+ 36. Rxd1 Be4 37. Nh5 1-0

[Event "17. OIBM Bad Wiessee"]
[Site "Bad Wiessee"]
[Date "2013.10.26"]
[Round "2.29"]
[White "Lang, Ferdinand"]
[Black "Bellia, Fabrizio"]
[Result "0-1"]
[WhiteElo "2110"]
[BlackElo "2421"]
[PlyCount "116"]
[EventDate "2013.??.??"]
[WhiteTeam "TSV Willsbach"]

1. e4 e5 2. Nf3 Nc6 3. Bb5 a6 4. Ba4 Nf6 5. O-O b5 6. Bb3 Bc5 7. c3 d6 8. d3 h6
9. h3 O-O 10. Re1 Bb6 11. Nbd2 Re8 12. Nf1 Be6 13. Bc2 d5 14. exd5 Nxd5 15. Ng3
Qd6 16. d4 exd4 17. Nxd4 Nxd4 18. cxd4 Nb4 19. Be4 Rad8 20. a3 Nc6 21. Bxc6
Qxc6 22. Be3 Qd5 23. Ne2 Qf5 24. Qb1 Qf6 25. Qc2 Bf5 26. Qc3 Re6 27. Rac1 Be4
28. Ng3 Bd5 29. Nh5 Qf5 30. Nf4 Red6 31. Nxd5 Qxd5 32. Rcd1 Rg6 33. g3 Qf3 34.
Rd3 Re8 35. Bd2 Rxe1+ 36. Bxe1 Qe4 37. f3 Qd5 38. Bf2 Rc6 39. Qd2 Qa2 40. Kg2
Qb1 41. Rc3 Ba5 42. b4 Rxc3 43. Qxc3 Bb6 44. h4 h5 45. Qe3 Qa2 46. g4 hxg4 47.
fxg4 Kf8 48. h5 Qc2 49. Kh3 a5 50. Bh4 f6 51. bxa5 Bxa5 52. Qf3 Qc3 53. Qxc3
Bxc3 54. Bg3 Bxd4 55. Bxc7 Bc5 56. g5 fxg5 57. Kg4 Be7 58. Kf5 Kf7 {Rest
unleserlich} 0-1

[Event "17. OIBM Bad Wiessee"]
[Site "Bad Wiessee"]
[Date "2013.10.26"]
[Round "2.31"]
[White "Kurmann, Oliver"]
[Black "Grüttner, Ralf"]
[Result "1-0"]
[WhiteElo "2411"]
[BlackElo "2086"]
[PlyCount "125"]
[EventDate "2013.??.??"]
[WhiteTeam "SG Luzern"]
[BlackTeam "SK Freising"]

1. e4 e5 2. Nf3 Nc6 3. Bc4 Bc5 4. c3 Nf6 5. d3 a6 6. Bb3 d5 7. Nbd2 O-O 8. h3
Be6 9. Bc2 dxe4 10. dxe4 h6 11. Qe2 Ba7 12. Nf1 Qd6 13. Ng3 Rfd8 14. O-O b5 15.
Nd2 Ne7 16. Qf3 Ng6 17. Nf5 Bxf5 18. exf5 Nf4 19. Ne4 Nxe4 20. Bxe4 Rab8 21.
Bxf4 exf4 22. Rfe1 b4 23. Rad1 Qf6 24. Qxf4 bxc3 25. Qxc7 Bb6 26. Rxd8+ Rxd8
27. Qxc3 Bd4 28. Qb3 Bxb2 29. Re2 Be5 30. g3 Qd6 31. Kg2 Bd4 32. Qf3 a5 33. Rc2
Bf6 34. Bc6 Qd3 35. Ba4 Qxf3+ 36. Kxf3 Rd3+ 37. Kg2 Rc3 38. Re2 Rc8 39. Re4 g5
40. fxg6 fxg6 41. Re6 Rf8 42. Ra6 Bd4 43. f3 Rf6 44. Rxa5 Rd6 45. Bb3+ Kg7 46.
Rb5 g5 47. Rb7+ Kf6 48. f4 gxf4 49. gxf4 Bc3 50. Kf3 Kg6 51. Bc2+ Kh5 52. Rb5+
Kh4 53. Bf5 Bg7 54. a4 Rd4 55. a5 Ra4 56. Bc8 Ra3+ 57. Ke4 Kg3 58. f5 Bf6 59.
a6 Kxh3 60. Rb6 Bg5 61. f6+ Kg3 62. f7 Re3+ 63. Kf5 1-0

[Event "17. OIBM Bad Wiessee"]
[Site "Bad Wiessee"]
[Date "2013.10.26"]
[Round "2.33"]
[White "Fick, Roland"]
[Black "Eggleston, David"]
[Result "0-1"]
[WhiteElo "2110"]
[BlackElo "2399"]
[PlyCount "180"]
[EventDate "2013.??.??"]
[WhiteTeam "SG Kaiserslautern 1905"]
[BlackTeam "Durham"]

1. d4 Nf6 2. c4 e6 3. Nc3 Bb4 4. Qc2 Nc6 5. Nf3 d6 6. a3 Bxc3+ 7. Qxc3 Qe7 8.
b4 O-O 9. Bb2 Re8 10. g3 e5 11. dxe5 dxe5 12. Bg2 Nd4 13. e3 Bh3 14. Bxh3 Ne4
15. Qd3 Nxf3+ 16. Ke2 Nfg5 17. Rad1 Nxf2 18. Kxf2 Nxh3+ 19. Kg2 Ng5 20. h4 Ne6
21. Qe4 a5 22. c5 axb4 23. axb4 Ra2 24. Rd2 b6 25. Qc4 Rea8 26. Rhd1 bxc5 27.
bxc5 Nxc5 28. Qd5 Ne6 29. Qxe5 R2a5 30. Rd5 Rxd5 31. Rxd5 h6 32. Rb5 Rd8 33.
Bc3 Qd7 34. e4 c6 35. Rb2 Qd6 36. Qxd6 Rxd6 37. Rb6 f6 38. Bb4 Rd4 39. Rxc6
Rxe4 40. Bc3 f5 41. Kf3 g5 42. hxg5 Nxg5+ 43. Kf2 Ne6 44. Rb6 Kf7 45. Bd2 Kg6
46. Be3 Kh5 47. Rb1 Ng5 48. Bxg5 hxg5 49. Kf3 Ra4 50. Rh1+ Kg6 51. Rb1 Ra3+ 52.
Kg2 Ra2+ 53. Kg1 Kh5 54. Rb4 Re2 55. Ra4 Re4 56. Ra2 Kg6 57. Kg2 Rd4 58. Ra6+
Kf7 59. Rb6 Re4 60. Ra6 Re6 61. Ra3 Kf6 62. Rb3 Ke5 63. Rb5+ Kf6 64. Rb2 Rc6
65. Ra2 Ke5 66. Re2+ Kd4 67. Ra2 Rc3 68. Ra5 Rc5 69. Ra3 Rc2+ 70. Kf1 Rd2 71.
Ra5 Ke4 72. Rb5 Rd5 73. Rb2 Kf3 74. Rb3+ Kg4 75. Kg2 Rd2+ 76. Kf1 Ra2 77. Rc3
Kh3 78. Rb3 Kh2 79. Rf3 g4 80. Rxf5 Kxg3 81. Rg5 Ra1+ 82. Ke2 Rg1 83. Ra5 Kg2
84. Ra2 Rf1 85. Ke3+ Kg1 86. Ra4 g3 87. Rg4 g2 88. Rh4 Rf8 89. Ra4 Kh2 90. Rh4+
Kg3 0-1

[Event "17. OIBM Bad Wiessee"]
[Site "Bad Wiessee"]
[Date "2013.10.26"]
[Round "2.34"]
[White "Hein, Erwin"]
[Black "Forchert, Martin"]
[Result "1-0"]
[WhiteElo "2096"]
[BlackElo "2398"]
[PlyCount "71"]
[EventDate "2013.??.??"]
[WhiteTeam "Freier SpV von 1898 Dort"]
[BlackTeam "Bielefelder SK von 1883"]

1. d4 Nf6 2. c4 g6 3. g3 Bg7 4. Bg2 d5 5. cxd5 Nxd5 6. Nf3 Nb6 7. O-O Nc6 8. e3
O-O 9. Nc3 Re8 10. Qe2 e5 11. dxe5 Nxe5 12. Nxe5 Bxe5 13. Rd1 Qe7 14. Bd2 c6
15. Rac1 Be6 16. b3 a5 17. Be1 a4 18. b4 f5 19. Nb1 a3 20. Rc2 Ra4 21. Qd3 Bc7
22. Rdc1 Rd8 23. Qe2 Bd6 24. b5 c5 25. Nc3 Raa8 26. Qf3 Rd7 27. e4 Qd8 28. exf5
Bxf5 29. Rd2 Be5 30. Rxd7 Qxd7 31. Qxb7 Qxb7 32. Bxb7 Rd8 33. Bc6 Be6 34. Rc2
Bc4 35. f3 Bd3 36. Rc1 {Rest unleserlich} 1-0

[Event "17. OIBM Bad Wiessee"]
[Site "Bad Wiessee"]
[Date "2013.10.26"]
[Round "2.35"]
[White "Stoffel, Matthias"]
[Black "Schramm, Christian"]
[Result "0-1"]
[WhiteElo "2096"]
[BlackElo "2396"]
[PlyCount "72"]
[EventDate "2013.??.??"]
[WhiteTeam "SF Rosenheim e.V."]
[BlackTeam "SC 1959 Obernau"]

1. d4 g6 2. c4 Bg7 3. Nc3 c5 4. d5 d6 5. h3 a6 6. e4 Nf6 7. Nf3 O-O 8. a4 e5 9.
Be2 Nh5 10. g3 Qe7 11. Nh2 Nf6 12. g4 Ne8 13. Ra3 Kh8 14. Nf1 b6 15. a5 b5 16.
cxb5 axb5 17. Bxb5 Nc7 18. Be2 Nba6 19. Ne3 Nb4 20. Nc4 f5 21. Nb6 Ra7 22. Nxc8
Rxc8 23. gxf5 gxf5 24. Rg1 Rca8 25. a6 Ncxa6 26. Nb5 Rb7 27. Rag3 Bf6 28. Nc3
f4 29. R3g2 Rbb8 30. Bg4 c4 31. Bf5 Nd3+ 32. Kd2 f3 33. Qxf3 Nf4 34. Rg4 Nc5
35. Kd1 Ncd3 36. Bxf4 exf4 0-1

[Event "17. OIBM Bad Wiessee"]
[Site "Bad Wiessee"]
[Date "2013.10.26"]
[Round "2.36"]
[White "Pirrot, Dieter"]
[Black "Walter, Thomas"]
[Result "0-1"]
[WhiteElo "2395"]
[BlackElo "2082"]
[PlyCount "52"]
[EventDate "2013.??.??"]
[WhiteTeam "SV 1920 Hofheim"]
[BlackTeam "SC Erlangen 48/88 e.V."]

1. e4 e5 2. Nf3 Nc6 3. Bc4 Nf6 4. Ng5 d5 5. exd5 Na5 6. Bb5+ c6 7. dxc6 bxc6 8.
Bd3 Ng4 9. Ne4 f5 10. Be2 h5 11. h3 fxe4 12. hxg4 Bc5 13. b4 Qd4 14. bxc5 O-O
15. O-O Qxa1 16. Nc3 e3 17. gxh5 exf2+ 18. Rxf2 Rxf2 19. Kxf2 Be6 20. Ba3 Qxd1
21. Bxd1 Rf8+ 22. Ke1 Rf4 23. d3 Rh4 24. Ne4 Nc4 25. dxc4 Rxe4+ 26. Kd2 Bg4 0-1

[Event "17. OIBM Bad Wiessee"]
[Site "Bad Wiessee"]
[Date "2013.10.26"]
[Round "2.37"]
[White "Morawietz, Dieter"]
[Black "Lang, Alexander"]
[Result "1/2-1/2"]
[WhiteElo "2392"]
[BlackElo "2081"]
[PlyCount "84"]
[EventDate "2013.??.??"]
[WhiteTeam "Klub Kölner SF e.V. 1"]
[BlackTeam "SC Oberwinden 1957 e.V."]

1. e4 c6 2. d4 d5 3. e5 Bf5 4. Nf3 e6 5. Be2 Ne7 6. Nbd2 h6 7. Nb3 Nd7 8. O-O
g5 9. h4 gxh4 10. Nxh4 Rg8 11. Re1 Qc7 12. c4 dxc4 13. Bxc4 O-O-O 14. Bd2 Nb6
15. Bf1 Bh7 16. Rc1 Ned5 17. Qh5 Bg6 18. Qf3 Bh7 19. Na5 Kb8 20. Qb3 Be7 21.
Nf3 Bf5 22. a4 Ka8 23. Nh2 Bg5 24. Bxg5 Rxg5 25. Nf3 Rg7 26. g3 Qe7 27. Rc5 Rb8
28. Bg2 Nd7 29. Rc4 N7b6 30. Rxc6 bxc6 31. Nxc6 Qb7 32. Nxb8 Kxb8 33. Nh4 Bh7
34. Rc1 Rg8 35. Rc5 Rc8 36. Rb5 Bc2 37. Qa3 Bxa4 38. Rxb6 Qxb6 39. Qxa4 Qxb2
40. Bxd5 exd5 41. Kg2 Qb6 42. Nf5 Rd8 1/2-1/2

[Event "17. OIBM Bad Wiessee"]
[Site "Bad Wiessee"]
[Date "2013.10.26"]
[Round "2.38"]
[White "Moor, Oliver"]
[Black "Lochte, Thomas"]
[Result "1-0"]
[WhiteElo "2391"]
[BlackElo "2078"]
[PlyCount "79"]
[EventDate "2013.??.??"]
[BlackTeam "SK Weilheim"]

1. d4 Nf6 2. c4 c5 3. d5 b5 4. Nf3 Bb7 5. b3 g6 6. Bb2 bxc4 7. bxc4 Qb6 8. Bc3
Bg7 9. e4 O-O 10. Nbd2 d6 11. Rb1 Qc7 12. Qb3 Bc8 13. h3 Nbd7 14. Qa3 Rb8 15.
Rb3 Rxb3 16. axb3 e6 17. Qa5 Qxa5 18. Bxa5 exd5 19. exd5 Re8+ 20. Kd1 Ne5 21.
Nxe5 Rxe5 22. f3 Nh5 23. g4 Ng3 24. Rg1 Nxf1 25. Rxf1 f5 26. Bc3 Re3 27. Bxg7
Kxg7 28. g5 f4 29. Re1 Bxh3 30. Rxe3 fxe3 31. Ne4 h6 32. gxh6+ Kxh6 33. Ke2 Bf5
34. Nxd6 Bc2 35. Kxe3 Bxb3 36. Kd3 Kg5 37. Ne4+ Kf4 38. Nxc5 Ba2 39. d6 Bb1+
40. Ke2 1-0

[Event "17. OIBM Bad Wiessee"]
[Site "Bad Wiessee"]
[Date "2013.10.26"]
[Round "2.39"]
[White "Burger, Heinrich"]
[Black "Rambaldi, Francesco"]
[Result "0-1"]
[WhiteElo "2088"]
[BlackElo "2361"]
[PlyCount "70"]
[EventDate "2013.??.??"]
[WhiteTeam "VfB Hermsdorf e.V."]

1. c4 c5 2. Nc3 Nc6 3. g3 g6 4. Bg2 Bg7 5. d3 d6 6. Nf3 e5 7. O-O Nge7 8. Ne1
Be6 9. Nc2 d5 10. cxd5 Nxd5 11. Ne4 b6 12. Ng5 Bc8 13. Ne3 Nde7 14. Qa4 Bb7 15.
Bd2 h6 16. Nf3 Qd7 17. Nc4 Rb8 18. Bc3 f6 19. e3 O-O 20. d4 cxd4 21. exd4 e4
22. Nfd2 f5 23. Qb3 Kh7 24. Ne5 Nxe5 25. dxe5 Bd5 26. Qa3 Nc6 27. Rad1 Qe6 28.
f4 Rfd8 29. Rfe1 Bf8 30. Qa6 Bc5+ 31. Kh1 Bxa2 32. b3 Bxb3 33. Nxb3 Qxb3 34.
Rxd8 Rxd8 35. Qb7+ Ne7 0-1

[Event "17. OIBM Bad Wiessee"]
[Site "Bad Wiessee"]
[Date "2013.10.26"]
[Round "2.41"]
[White "Günther, Thomas"]
[Black "Singer, Christoph"]
[Result "0-1"]
[WhiteElo "2082"]
[BlackElo "2343"]
[PlyCount "86"]
[EventDate "2013.??.??"]
[BlackTeam "FC Bayern München e.V."]

1. d4 d5 2. Nf3 Nf6 3. c4 e6 4. Nc3 Be7 5. Bg5 O-O 6. e3 Nbd7 7. Bd3 a6 8. O-O
dxc4 9. Bxc4 b5 10. Bd3 Bb7 11. Rc1 c5 12. Qe2 Rc8 13. Rfd1 b4 14. Na4 Qa5 15.
b3 c4 16. Bxc4 Bxf3 17. Qxf3 Qxg5 18. Bxa6 Rxc1 19. Rxc1 e5 20. Rc4 e4 21. Qd1
Bd6 22. h3 Qa5 23. Bb7 Nb6 24. Rc6 Nxa4 25. bxa4 Bb8 26. Rc5 Qb6 27. Bc6 Qc7
28. g3 Qc8 29. Kg2 Bd6 30. Rc1 Qf5 31. d5 h5 32. a5 h4 33. a6 hxg3 34. fxg3 Qe5
35. Qe1 Qb2+ 36. Kh1 Bxg3 37. Qg1 Bf2 38. Qf1 Bxe3 39. Re1 Ba7 40. Re2 Qe5 41.
Qe1 Nh5 42. Rg2 f5 43. Qh4 Qa1+ 0-1

[Event "17. OIBM Bad Wiessee"]
[Site "Bad Wiessee"]
[Date "2013.10.26"]
[Round "2.44"]
[White "Hecht, Carsten"]
[Black "Welling, Gerard"]
[Result "1-0"]
[WhiteElo "2078"]
[BlackElo "2336"]
[PlyCount "53"]
[EventDate "2013.??.??"]
[WhiteTeam "SK Blauer Springer Paderborn 192"]
[BlackTeam "WLC Eindhofen"]

1. e4 e6 2. d4 d5 3. Nc3 Bb4 4. e5 Qd7 5. Qg4 f5 6. Qg3 b6 7. a3 Bxc3+ 8. bxc3
Ba6 9. Bxa6 Nxa6 10. Ne2 Kf7 11. O-O Ne7 12. h4 Qa4 13. h5 Qxc2 14. h6 Rhg8 15.
Nf4 Ng6 16. Nxg6 hxg6 17. hxg7 Nb8 18. Bh6 Qe2 19. c4 dxc4 20. d5 Qg4 21. Qe3
g5 22. Bxg5 Rxg7 23. f4 Nd7 24. dxe6+ Kxe6 25. Rad1 Rxg5 26. fxg5 Rg8 27. Qd2
1-0

[Event "17. OIBM Bad Wiessee"]
[Site "Bad Wiessee"]
[Date "2013.10.26"]
[Round "2.45"]
[White "Tan, Justin"]
[Black "Röttig, Hans-Peter"]
[Result "1-0"]
[WhiteElo "2333"]
[BlackElo "2075"]
[PlyCount "49"]
[EventDate "2013.??.??"]
[BlackTeam "SC Viernheim 1934 e.V."]

1. e4 c5 2. Nf3 d6 3. d4 cxd4 4. Nxd4 Nf6 5. Nc3 g6 6. Be3 Bg7 7. f3 O-O 8. Qd2
Nc6 9. Bc4 Bd7 10. O-O-O Rb8 11. h4 b5 12. Ncxb5 Na5 13. Na3 Qc7 14. Be2 Rfc8
15. Kb1 Nh5 16. Bd3 Rxb2+ 17. Kxb2 Qb6+ 18. Kc1 Qc5 19. Ndb5 Qe5 20. Bd4 Qe6
21. Bxg7 Qxa2 22. Qxa5 Bxb5 23. Bb2 Bxd3 24. Rxd3 Ng3 25. Re1 1-0

[Event "17. OIBM Bad Wiessee"]
[Site "Bad Wiessee"]
[Date "2013.10.26"]
[Round "2.46"]
[White "Eichhorn, Andreas"]
[Black "Simon, Andre´"]
[Result "1-0"]
[WhiteElo "2331"]
[BlackElo "2062"]
[PlyCount "69"]
[EventDate "2013.??.??"]
[WhiteTeam "Kölner SK Dr. Lasker 186"]
[BlackTeam "SC 1911 Großröhrsdorf"]

1. c4 c5 2. g3 Nc6 3. Bg2 g6 4. Nc3 Bg7 5. Nf3 d6 6. O-O Bf5 7. h3 Qd7 8. Kh2
Nf6 9. d3 Qd8 10. a3 O-O 11. Rb1 a5 12. Ne1 Rb8 13. Nc2 Ne8 14. Nb5 Bd7 15. b4
axb4 16. axb4 b6 17. Bg5 h6 18. Be3 Nc7 19. Nxc7 Qxc7 20. b5 Nd4 21. Bxd4 Bxd4
22. Nxd4 cxd4 23. Qd2 Kh7 24. Ra1 Bc8 25. Qb2 e5 26. f4 Qe7 27. Qb4 Re8 28.
fxe5 dxe5 29. Qa3 Qxa3 30. Rxa3 Re7 31. Rfa1 Bb7 32. Ra7 Kg7 33. R1a6 Bxa6 34.
Rxe7 Kf6 35. bxa6 1-0

[Event "17. OIBM Bad Wiessee"]
[Site "Bad Wiessee"]
[Date "2013.10.26"]
[Round "2.47"]
[White "Giemsa, Stephan"]
[Black "Valet, Richard"]
[Result "1-0"]
[WhiteElo "2321"]
[BlackElo "2062"]
[PlyCount "67"]
[EventDate "2013.??.??"]
[WhiteTeam "SK König Tegel 1949 e.V."]
[BlackTeam "Greifswalder SV"]

1. d4 Nf6 2. c4 g6 3. Nc3 Bg7 4. e4 d6 5. Bd3 O-O 6. Nge2 e5 7. d5 a5 8. O-O
Na6 9. h3 Nc5 10. Bc2 Bd7 11. Be3 b6 12. Qd2 Ne8 13. Rae1 f5 14. exf5 gxf5 15.
f4 Qh4 16. b3 Kh8 17. a3 Nf6 18. fxe5 dxe5 19. Bg5 Qh5 20. Ng3 Qg6 21. b4 axb4
22. axb4 Nce4 23. Ngxe4 Nxe4 24. Nxe4 fxe4 25. Bxe4 Rxf1+ 26. Kxf1 Bf5 27. Bxf5
Qxf5+ 28. Kg1 Rf8 29. Be3 Kg8 30. d6 cxd6 31. Qxd6 Rf6 32. Qd8+ Bf8 33. Bxb6
Rd6 34. Qb8 1-0

[Event "17. OIBM Bad Wiessee"]
[Site "Bad Wiessee"]
[Date "2013.10.26"]
[Round "2.48"]
[White "Höller, Armin"]
[Black "Sedina, Elena"]
[Result "1-0"]
[WhiteElo "2068"]
[BlackElo "2312"]
[PlyCount "101"]
[EventDate "2013.??.??"]
[WhiteTeam "SK Bad Aibling"]

1. e4 e6 2. d4 d5 3. Nd2 c5 4. c3 Nc6 5. Ngf3 cxd4 6. cxd4 dxe4 7. Nxe4 Nf6 8.
Nc3 Be7 9. Bd3 O-O 10. O-O b6 11. Be3 Nb4 12. Be2 Bb7 13. Rc1 Rc8 14. a3 Nbd5
15. Qb3 Nxe3 16. fxe3 Nd5 17. Nxd5 Bxd5 18. Qd3 f5 19. Nd2 Rxc1 20. Rxc1 Bd6
21. g3 Qg5 22. Nf3 Qf6 23. Nd2 Qg6 24. Kf2 Qh6 25. Kg1 Qg6 26. Kf2 h5 27. Nf3
Qf6 28. Nh4 g5 29. Ng2 h4 30. gxh4 Bxh2 31. Rh1 Bd6 32. Bf3 Bxf3 33. Kxf3 g4+
34. Ke2 Rc8 35. Kd2 Kh7 36. Rc1 Rxc1 37. Kxc1 Qe7 38. e4 Qf8 39. e5 Qc8+ 40.
Kb1 Bf8 41. Nf4 Bh6 42. Nh5 Qc1+ 43. Ka2 Bg7 44. Nxg7 Kxg7 45. d5 Qh6 46. d6
Qh8 47. Qc4 g3 48. Qc7+ Kh6 49. d7 g2 50. d8=Q g1=Q 51. Qxh8+ 1-0

[Event "17. OIBM Bad Wiessee"]
[Site "Bad Wiessee"]
[Date "2013.10.26"]
[Round "2.50"]
[White "Helmschrott, Otto"]
[Black "Zach, Andreas"]
[Result "0-1"]
[WhiteElo "2067"]
[BlackElo "2307"]
[PlyCount "76"]
[EventDate "2013.??.??"]
[WhiteTeam "TSV Wertingen 1862 SAbt"]
[BlackTeam "SC Gröbenzell"]

1. e4 e6 2. d4 d5 3. e5 c5 4. c3 Nc6 5. Nf3 Nh6 6. dxc5 Bxc5 7. b4 Bb6 8. b5
Ne7 9. Bd3 Ng4 10. O-O Ng6 11. Qe2 Qc7 12. Bxg6 hxg6 13. h3 Nh6 14. a4 Nf5 15.
Kh1 Bd7 16. Ba3 Rc8 17. Nbd2 Bc5 18. Bxc5 Qxc5 19. Rfc1 a6 20. c4 axb5 21. axb5
O-O 22. Rcb1 Ra8 23. Rxa8 Rxa8 24. cxd5 exd5 25. g4 Ne7 26. Ng5 Qc3 27. Ndf3
Ra4 28. e6 Bxe6 29. Nxe6 Re4 30. Qd1 Rxe6 31. Rb3 Qf6 32. Kg2 Re4 33. Qd2 Rf4
34. Re3 g5 35. Qe1 Ng6 36. Qe2 Rxf3 37. Rxf3 Nh4+ 38. Kg3 Qd6+ 0-1

[Event "17. OIBM Bad Wiessee"]
[Site "Bad Wiessee"]
[Date "2013.10.27"]
[Round "3.1"]
[White "Berkes, Ferenc"]
[Black "Rausch, Stephan"]
[Result "1-0"]
[WhiteElo "2673"]
[BlackElo "2294"]
[PlyCount "59"]
[EventDate "2013.??.??"]
[WhiteTeam "SC Eppingen"]
[BlackTeam "SG Leipzig"]

1. d4 d5 2. c4 e6 3. Nc3 c6 4. e3 f5 5. f4 Nf6 6. Nf3 Be7 7. Bd3 O-O 8. O-O Ne4
9. Bd2 Bd7 10. Qb3 Qb6 11. Qc2 a5 12. Be1 Be8 13. g4 g6 14. Qg2 Kh8 15. Kh1 Nd7
16. Rg1 Ndf6 17. Ne5 Qd8 18. gxf5 exf5 19. Qh3 Rg8 20. Rg2 Rg7 21. Rc1 Bb4 22.
c5 Bxc3 23. bxc3 Qe7 24. Bh4 Qe6 25. Rcg1 Kg8 26. Bxf6 Qxf6 27. c4 Bf7 28. Bxe4
fxe4 29. f5 Re8 30. Ng4 1-0